<?xml version="1.0" encoding="UTF-8"?>
<marc:record xmlns:marc="http://www.loc.gov/MARC21/slim">
   <marc:leader>00000nam a2200000 a 4500</marc:leader>
   <marc:datafield ind1="1" ind2=" " tag="100">
      <marc:subfield code="a">Hivju, Kristofer</marc:subfield>
   </marc:datafield>
   <marc:datafield ind1="1" ind2=" " tag="100">
      <marc:subfield code="a">Valestrand, Oddrun</marc:subfield>
   </marc:datafield>
   <marc:datafield ind1="1" ind2=" " tag="100">
      <marc:subfield code="a">Arentz-Hansen, Lars</marc:subfield>
   </marc:datafield>
   <marc:datafield ind1="1" ind2=" " tag="100">
      <marc:subfield code="a">Boe-Wall, Grethe</marc:subfield>
   </marc:datafield>
   <marc:datafield ind1="0" ind2="0" tag="245">
      <marc:subfield code="a">Operation Arktis [Bildtonträger]</marc:subfield>
   </marc:datafield>
   <marc:datafield ind1="0" ind2="0" tag="245">
      <marc:subfield code="b">Überleben im ewigen Eis</marc:subfield>
   </marc:datafield>
   <marc:datafield ind1="0" ind2="0" tag="245">
      <marc:subfield code="c">Regie: Grethe Boe-Wall. Mit Lars Arentz-Hansen, Oddrun Valestrand, Kristofer Hivju ...</marc:subfield>
   </marc:datafield>
   <marc:datafield ind1=" " ind2="1" tag="264">
      <marc:subfield code="b">Eurovideo</marc:subfield>
      <marc:subfield code="c">2017</marc:subfield>
   </marc:datafield>
   <marc:datafield ind1="1" ind2=" " tag="520">
      <marc:subfield code="a">Durch einen tragischen Irrtum werden die 13-jährige Julia und ihre 8-jährigen Zwillingsgeschwister, Ida und Sindre auf einer menschenleeren Halbmond-Insel mitten im arktischen Ozean in der Nähe von Spitzbergen ausgesetzt. Ohne Kontakt zum Festland, müssen sich die Kinder nicht nur der drohenden Gefahr vor wilden Tieren und den erbarmungslosen Winterstürmen stellen, sondern auch dem Kampf um Nahrung und das eigene Überleben...</marc:subfield>
   </marc:datafield>
   <marc:datafield ind1=" " ind2=" " tag="020">
      <marc:subfield code="a">4009750227411</marc:subfield>
      <marc:subfield code="9">4009750227411</marc:subfield>
   </marc:datafield>
   <marc:datafield ind1=" " ind2=" " tag="500">
      <marc:subfield code="a">Orig. : Norwegen 2014. Sprache: Deutsch (Dolby Digital 5.1), Norwegisch (Dolby Digital 5.1)</marc:subfield>
   </marc:datafield>
   <marc:datafield ind1="0" ind2=" " tag="490">
      <marc:subfield code="v">0</marc:subfield>
   </marc:datafield>
   <marc:datafield ind1=" " ind2=" " tag="300">
      <marc:subfield code="a">1 DVD (87 Min.) : farbig</marc:subfield>
   </marc:datafield>
</marc:record>
